Loading...
Textbook of physical chemistry : a modern approach /
| Main Author: | |
|---|---|
| Format: | Printed Book |
| Language: | English |
| Published: |
New Delhi :
S. Chand,
1997
|
| LEADER | 00535nam a22001457a 4500 | ||
|---|---|---|---|
| 003 | OSt | ||
| 005 | 20200624134451.0 | ||
| 008 | 150707b xxu||||| |||| 00| 0 eng d | ||
| 082 | |a 541.3 DHA/T | ||
| 100 | |a Soni, P. L. | ||
| 245 | |a Textbook of physical chemistry : |b a modern approach / |c P. L. Soni, O. P. Dharmarha | ||
| 260 | |a New Delhi : |b S. Chand, |c 1997 | ||
| 942 | |2 ddc |c BK | ||
| 999 | |c 320446 |d 320446 | ||
| 952 | |0 0 |1 0 |2 ddc |4 0 |6 541_280000000000000_DHA_T |7 0 |9 366835 |a CSC |b CSC |c ST1 |d 2015-07-07 |i 9348 |l 0 |o 541.28 DHA/T |p CSC9348 |r 2015-07-07 |w 2015-07-07 |y BK | ||